Mushroom cultivation using rubber wood saw dust (Record no. 48276)

MARC details
000 -LEADER
fixed length control field 00344nam a2200133Ia 4500
100 ## - MAIN ENTRY--AUTHOR NAME
Personal name Joseph K
245 #0 - TITLE STATEMENT
Title Mushroom cultivation using rubber wood saw dust
260 ## - PUBLICATION, DISTRIBUTION, ETC. (IMPRINT)
Name of publisher Rubber Mithram (Malayalam)
Year of publication 1999
300 ## - PHYSICAL DESCRIPTION
Number of Pages 50-52
650 ## - SUBJECT ADDED ENTRY--TOPICAL TERM
Topical Term Saw dust
650 ## - SUBJECT ADDED ENTRY--TOPICAL TERM
Topical Term Summer mushroom
942 ## - ADDED ENTRY ELEMENTS (KOHA)
Koha item type Bibliography RLWO
Holdings
Withdrawn status Lost status Damaged status Not for loan Home library Current library Date acquired Serial Enumeration / chronology Koha item type
      Bibliography RRII Library RRII Library 31/12/2021 Volume 1, Issue 3 Bibliography RLWO